Biblical Groups of Four - Statistics

General Stats
  • This quiz has been taken 32 times
  • The average score is 13 of 32
Answer Stats
Hint Answer % Correct
First four Apostles Jesus called Peter
81%
Books of the Gospel John
77%
First four Apostles Jesus called John
77%
Books of the Gospel Luke
73%
Books of the Gospel Matthew
73%
Books of the Gospel Mark
69%
The Four Horsemen in Revelations Death
65%
First four Apostles Jesus called James
58%
Great Empires that took over Israel and Judah Persia
54%
Great Empires that took over Israel and Judah Rome
54%
Great Empires that took over Israel and Judah Babylon
50%
The Four Horsemen in Revelations War
50%
Major rivers in the Garden of Eden Euphrates
46%
Books of the Bible starting with H Hebrews
46%
Women named in Jesus' genealogy on Joseph's side Ruth
46%
Major rivers in the Garden of Eden Tigris
46%
First four Apostles Jesus called Thomas
42%
The Four Horsemen in Revelations Famine
38%
Books of the Bible starting with H Haggai
35%
Books of the Bible starting with H Hosea
35%
Great Empires that took over Israel and Judah Greece
23%
Four faces of a cherubim Human
23%
Four faces of a cherubim Lion
23%
Women named in Jesus' genealogy on Joseph's side Rahab
23%
Women named in Jesus' genealogy on Joseph's side Bathsheba
19%
Four faces of a cherubim Eagle
15%
Women named in Jesus' genealogy on Joseph's side Tamar
15%
Books of the Bible starting with H Habukkuk
12%
Four faces of a cherubim Ox
8%
Major rivers in the Garden of Eden Pishon
8%
The Four Horsemen in Revelations Conquest
4%
Major rivers in the Garden of Eden Gihon
4%
No matching quizzes found
Score Distribution
Percent of People with Each Score
Percentile by Number Answered
Your Score History
You have not taken this quiz